| 000 | 00822nam a22002537a 4500 | ||
|---|---|---|---|
| 003 | dpl | ||
| 005 | 20180531125104.0 | ||
| 008 | 180531b xxu||||| |||| 00| 0 eng d | ||
| 010 | _aB-021704 | ||
| 020 |
_c00.00 _a0333934580 |
||
| 035 | _aB-021704, B-021708 | ||
| 037 | _bCen Lib/Ret | ||
| 040 |
_aDPL _bEN _c0 |
||
| 082 |
_a353.954 _bMAH |
||
| 100 |
_aMaheshwari, S.R. _978510 |
||
| 245 |
_aState government in india / _cby S.R. Maheshwari |
||
| 260 |
_aNew Delhi _bMacmillan India _c2000 |
||
| 270 |
_bNew Delhi _a2/10, ansari road, dariya ganj _e110002 |
||
| 300 |
_aviii, 395p. : _c21cm(Hb) |
||
| 500 | _aIncludes bibliographical references and index | ||
| 650 |
_aPublic administration _94733 |
||
| 650 |
_aDivisional administration _zIndia _917120 |
||
| 942 |
_2ddc _cEN _h353.954 _mMAH |
||
| 999 |
_c126277 _d126277 |
||